[Event "TheMasters 1°"]
[Site "http://www.queenalice.com/game.php?id=1281496"]
[Date "2014.5.13"]
[Round "2"]
[White "jacconsultoria"]
[Black "EL_CHICO"]
[Result "1-0"]
[WhiteElo "2052"]
[BlackElo "2102"]

1. c4 e5 2. Nc3 Nc6 3. g3 g6 4. Bg2 Bg7 5. Nf3 d6 6. d3 Nf6 7. Bg5 Be6 8. Nd5
Bxd5 9. cxd5 Nb4 10. Qa4+ Qd7 11. Qxb4 c6 12. dxc6 bxc6 13. O-O O-O 14. Rac1
Rab8 15. Qd2 e4 16. Ne1 exd3 17. Bxc6 Qf5 18. Nxd3 d5 19. Qf4 Qe6 20. Bxf6 Bxf6
21. Rc2 Rb6 22. Ba4 Rd8 23. Rfc1 Kg7 24. Rc6 Rd6 25. Rxd6 Rxd6 26. Rc7 Rd8 27.
e4 Qxe4 28. Qxe4 1-0

[Event "Challenge"]
[Site "http://www.queenalice.com/game.php?id=1325973"]
[Date "2014.12.3"]
[Round "-"]
[White "EL_CHICO"]
[Black "rodrigoma"]
[Result "1-0"]
[WhiteElo "2102"]
[BlackElo "1951"]

1. d4 g6 2. e4 d5 3. Nc3 c6 4. Nf3 Bg7 5. Bf4 Qa5 6. exd5 cxd5 7. Bxb8 Rxb8 8.
Bb5+ Bd7 9. Bxd7+ Kxd7 10. O-O f6 11. Re1 Re8 12. Qe2 e6 13. b4 Qc7 14. Nxd5 Qd8
15. Qb5+ Kc8 16. Nf4 Nh6 17. Nxe6 Qb6 18. Qxb6 axb6 19. Nxg7 Rxe1+ 20. Rxe1 Kd7
21. Ne6 Ra8 22. a3 Nf5 23. Nf4 Rxa3 24. Nd5 b5 25. Nxf6+ Kd6 26. Nxh7 Ra2 27.
Rc1 Rb2 28. c3 Ne7 29. Nhg5 Nd5 30. Ne4+ Ke7 31. h3 Nf4 32. Re1 b6 33. Nfd2 Ra2
34. c4 bxc4 35. Nc3+ 1-0

[Event "Challenge"]
[Site "http://www.queenalice.com/game.php?id=1328243"]
[Date "2014.12.15"]
[Round "-"]
[White "rodrigoma"]
[Black "EL_CHICO"]
[Result "0-1"]
[WhiteElo "1947"]
[BlackElo "2105"]

1. e4 e5 2. Nf3 Nc6 3. Bb5 d6 4. O-O Nf6 5. Re1 Bd7 6. c3 Be7 7. d4 exd4 8. cxd4
O-O 9. h3 a6 10. Ba4 b5 11. Bc2 Nb4 12. Nc3 Bc6 13. a3 Nxc2 14. Qxc2 d5 15. e5
Nd7 16. Bf4 f6 17. e6 Nb6 18. b3 Bd6 19. Bxd6 Qxd6 20. Re3 Rfe8 21. Qf5 Re7 22.
Nd2 Rae8 23. Rae1 Bb7 24. Qh5 Bc8 25. b4 Bxe6 26. Qf3 Bf7 27. Rxe7 Rxe7 28. Re3
c6 29. Qe2 Re6 30. Qf3 Nc4 31. Nxc4 bxc4 32. Na4 Qe7 33. Nc5 Rxe3 34. Qxe3 Qxe3
35. fxe3 c3 36. Kf2 Bg6 37. Nb3 Kf7 38. g4 Bc2 39. Nc1 Be4 40. h4 Kg6 41. Kg3 h5
42. gxh5+ Kxh5 43. Nb3 Bd3 44. Kh3 Bc4 45. Nc1 g5 46. hxg5 fxg5 47. Kg3 g4 48.
a4 Kg5 49. Kg2 Kh4 50. Kh2 g3+ 51. Kg2 Kg4 52. a5 Kh4 53. Kg1 Kh3 0-1

[Event "AUTO-MASTER-2222"]
[Site "http://www.queenalice.com/game.php?id=1332771"]
[Date "2015.1.4"]
[Round "1"]
[White "Yran"]
[Black "EL_CHICO"]
[Result "1/2-1/2"]
[WhiteElo "2186"]
[BlackElo "2102"]

1. Nf3 Nf6 2. d4 d6 3. c4 Bg4 4. Nbd2 g6 5. h3 Bxf3 6. Nxf3 Bg7 7. g3 O-O 8. Bg2
Nbd7 9. O-O c6 10. Re1 e5 11. e4 Re8 12. d5 c5 13. Bd2 a5 14. a3 Nh5 15. Nh4 Bf6
16. Nf3 Ng7 17. Kh2 b6 18. Bh6 Nh5 19. Qd2 Bg7 20. Be3 Rf8 21. Nh4 Bf6 22. Nf3
Ng7 23. Ng1 Qe7 24. f4 exf4 25. gxf4 Bh4 26. Bf2 Bxf2 27. Qxf2 Qf6 28. Rf1 Rae8
29. Rae1 Re7 30. Qd2 Nh5 31. Qf2 g5 32. Ne2 gxf4 33. Nxf4 Qe5 34. Qh4 Nxf4 35.
Qxf4 Kh8 36. Qxe5+ Nxe5 37. Rf6 Rd7 38. b3 Rg8 39. Ref1 Rg6 40. Rxg6 hxg6 41.
Kg3 Kg7 42. Bf3 Re7 43. Be2 Re8 44. Rf2 Rh8 45. Rf4 Rh6 46. Rh4 Rxh4 47. Kxh4
Kh6 48. Kg3 Kg7 49. Kf4 Kf6 1/2-1/2

[Event "AUTO-MASTER-2222"]
[Site "http://www.queenalice.com/game.php?id=1332772"]
[Date "2015.1.4"]
[Round "1"]
[White "EL_CHICO"]
[Black "Yran"]
[Result "1/2-1/2"]
[WhiteElo "2125"]
[BlackElo "2097"]

1. e4 c5 2. Nf3 d6 3. d4 cxd4 4. Nxd4 Nf6 5. Nc3 a6 6. Bd3 e6 7. Bg5 Be7 8. O-O
O-O 9. f4 Qc7 10. f5 Nc6 11. Nb3 e5 12. Qe1 b5 13. Qg3 Re8 14. Bh6 Bf8 15. Nd5
Nxd5 16. exd5 Nb4 17. Bxg7 f6 18. Bxf6+ Bg7 19. Bxg7 Qxg7 20. Qxg7+ Kxg7 21. Be4
Bb7 22. Rad1 a5 23. a3 Na6 24. Nxa5 Nc5 25. Nxb7 Nxe4 26. Rfe1 Ra7 27. Rxe4 Rxb7
28. Rb4 Kf6 29. g4 Rg8 30. h3 h5 31. Kh2 hxg4 32. hxg4 Rc7 33. c3 Rc4 34. Rxc4
bxc4 35. Re1 Rxg4 36. Rf1 Re4 37. Kg3 Re2 38. Rf2 Re3+ 39. Rf3 Re2 40. Rf2 Re3+
1/2-1/2

[Event "AUTO-MASTER-2222"]
[Site "http://www.queenalice.com/game.php?id=1332783"]
[Date "2015.1.4"]
[Round "1"]
[White "cksl333"]
[Black "EL_CHICO"]
[Result "1-0"]
[WhiteElo "2252"]
[BlackElo "2121"]

1. d4 d5 2. Bf4 Nf6 3. e3 Nc6 4. Bb5 Bd7 5. Nd2 e6 6. Ngf3 Nh5 7. Bg3 Nxg3 8.
hxg3 Bd6 9. Qe2 Nb4 10. Bxd7+ Qxd7 11. Nb3 O-O-O 12. a3 Na6 13. Rc1 c5 14. c4
Kb8 15. cxd5 cxd4 16. dxe6 fxe6 17. Nfxd4 e5 18. Nb5 Be7 19. Nc3 Nc5 20. Nxc5
Bxc5 21. b4 Be7 22. O-O h5 23. Rfd1 Qf5 24. Rxd8+ Rxd8 25. Rd1 Rc8 26. Nd5 Bg5
27. e4 Qf7 28. Qb2 Re8 29. b5 h4 30. gxh4 Bxh4 31. Rc1 Rc8 32. Qxe5+ 1-0

[Event "AUTO-MASTER-2222"]
[Site "http://www.queenalice.com/game.php?id=1332784"]
[Date "2015.1.4"]
[Round "1"]
[White "EL_CHICO"]
[Black "cksl333"]
[Result "1/2-1/2"]
[WhiteElo "2104"]
[BlackElo "2236"]

1. d4 Nc6 2. e4 e5 3. d5 Nce7 4. c4 Ng6 5. Nc3 Bc5 6. g3 d6 7. Nf3 Bg4 8. Bg2
Nf6 9. h3 Bxf3 10. Qxf3 O-O 11. Bg5 h6 12. Bd2 a6 13. a3 Nd7 14. O-O Ne7 15. Qg4
Nf6 16. Qe2 Nd7 17. Qg4 Nf6 18. Qe2 Nd7 19. Qg4 1/2-1/2

[Event "AUTO-MASTER-2222"]
[Site "http://www.queenalice.com/game.php?id=1332789"]
[Date "2015.1.4"]
[Round "1"]
[White "tariann"]
[Black "EL_CHICO"]
[Result "0-1"]
[WhiteElo "2144"]
[BlackElo "2108"]

1. e4 Nc6 2. d4 e5 3. d5 Nce7 4. c4 Ng6 5. Nc3 Nf6 6. Nf3 Bb4 7. Bd3 O-O 8. O-O
c5 9. Nb5 d6 10. a3 Ba5 11. Bd2 Bxd2 12. Qxd2 a6 13. Nc3 Nf4 14. Bc2 Bg4 15. b4
Bxf3 16. gxf3 N6h5 17. Ne2 Qg5+ 18. Ng3 Nh3+ 0-1

[Event "AUTO-MASTER-2222"]
[Site "http://www.queenalice.com/game.php?id=1332790"]
[Date "2015.1.4"]
[Round "1"]
[White "EL_CHICO"]
[Black "tariann"]
[Result "1-0"]
[WhiteElo "2113"]
[BlackElo "2119"]

1. e4 e5 2. Nf3 Nc6 3. Bc4 f5 4. d3 Nf6 5. Bg5 Be7 6. Nbd2 d6 7. O-O Na5 8. c3
Nxc4 9. Qa4+ c6 10. Qxc4 fxe4 11. Bxf6 Bxf6 12. dxe4 d5 13. exd5 cxd5 14. Qb3
O-O 15. Ne4 Kh8 16. Nxf6 gxf6 17. Rad1 e4 18. Rxd5 Qc7 19. Nd4 Rg8 20. Re1 Qg7
21. g3 Qg6 22. Rd6 b6 23. Qd5 Bh3 24. Rxe4 Rae8 25. f3 Rxe4 26. Qxe4 Re8 27.
Qxg6 hxg6 28. Rxf6 Re1+ 29. Kf2 Rb1 30. Rxg6 Rxb2+ 31. Ke3 Kh7 32. Rc6 Rxa2 33.
g4 Rxh2 34. Rc7+ Kg6 35. Rxa7 Rh1 36. Rb7 Rc1 37. Rxb6+ Kg5 38. Ne6+ Kh4 39. Kf4
Bxg4 40. fxg4 Rf1+ 41. Ke4 Kxg4 42. c4 Rc1 43. c5 1-0

[Event "AUTO-MASTER-2248"]
[Site "http://www.queenalice.com/game.php?id=1341292"]
[Date "2015.2.13"]
[Round "1"]
[White "Zugswang"]
[Black "EL_CHICO"]
[Result "1-0"]
[WhiteElo "2164"]
[BlackElo "2116"]

1. e4 e5 2. f4 exf4 3. Bc4 Qh4+ 4. Kf1 Bc5 5. d4 Bb6 6. Nf3 Qh5 7. Bxf4 Ne7 8.
Nbd2 d6 9. Ng5 Qxd1+ 10. Rxd1 O-O 11. Ndf3 Bg4 12. h3 Bh5 13. g4 Bg6 14. Nh4 d5
15. exd5 Bxc2 16. Rd2 Ba4 17. b3 Bd7 18. d6 cxd6 19. Bxd6 h6 20. Ngf3 Re8 21.
Re2 Nec6 22. Be5 Nxe5 23. Nxe5 Rf8 24. Nhg6 Be6 25. Nxf8 Bxc4 26. bxc4 Kxf8 27.
c5 Bc7 28. Kg2 Bxe5 29. Rxe5 Nc6 30. Re4 Rd8 31. Rd1 Ne7 32. Rde1 Rd7 33. Kf3 f5
34. Rxe7 fxg4+ 35. Kxg4 Rxe7 36. Rxe7 Kxe7 37. Kf5 Kf7 38. d5 g6+ 39. Ke5 Ke7
40. c6 bxc6 41. dxc6 a5 42. c7 Kd7 43. Kf6 g5 44. Kg6 Kxc7 45. Kxh6 Kd7 46. Kxg5
Ke7 47. Kg6 Kf8 48. Kf6 a4 49. a3 Kg8 50. Ke5 1-0

[Event "AUTO-MASTER-2248"]
[Site "http://www.queenalice.com/game.php?id=1341293"]
[Date "2015.2.13"]
[Round "1"]
[White "EL_CHICO"]
[Black "Zugswang"]
[Result "0-1"]
[WhiteElo "2111"]
[BlackElo "2219"]

1. e4 Nf6 2. e5 Nd5 3. c4 Nb6 4. d4 d6 5. Nf3 g6 6. b3 Bg7 7. Bb2 Bg4 8. Be2 O-O
9. O-O Nc6 10. Nbd2 dxe5 11. dxe5 Nd7 12. h3 Bxf3 13. Nxf3 Ndxe5 14. Qc2 Nxf3+
15. Bxf3 Nd4 16. Bxd4 Bxd4 17. Rad1 Rb8 18. b4 b6 19. Bd5 c5 20. b5 e6 21. Bc6
f5 22. Rfe1 Rf6 23. Kh1 Qd6 24. Re2 e5 25. f3 Rbf8 26. Qc1 Kg7 27. a4 Re6 28.
Rde1 Re7 29. Qc2 Qf6 30. Qd3 h5 31. Bd5 g5 32. g3 Rh8 33. Kg2 Rhe8 34. Bc6 Rf8
35. Rf1 Qh6 36. Bd5 h4 37. g4 fxg4 38. fxg4 Rxf1 39. Kxf1 Qf6+ 40. Kg2 Re8 41.
Be4 Qf4 42. Bf5 Qc1 43. Qb1 Qxc4 44. Qc2 Qxc2 45. Rxc2 e4 46. Re2 e3 47. Kf3 Kf6
48. Be4 Ke5 49. Bd3 Rf8+ 50. Bf5 c4 51. Rc2 Kd5 52. Ke2 Rf6 53. Rc1 Rf8 54. Rf1
Kc5 55. Rb1 Re8 56. Rd1 Re5 57. Rb1 Bc3 58. Rd1 Bd2 59. Rb1 Rd5 60. Bc2 Kd4 61.
Rf1 Kc3 62. Bd1 Kb2 63. Rf7 c3 64. Rc7 Rc5 65. Rxc5 bxc5 66. a5 c2 67. Bxc2 Bxa5
68. Be4 Bd2 69. Kd1 c4 70. Bf3 Ba5 71. Be2 Kb3 72. Kc1 Kb4 0-1

[Event "AUTO-MASTER-2248"]
[Site "http://www.queenalice.com/game.php?id=1341306"]
[Date "2015.2.13"]
[Round "1"]
[White "Lindomar"]
[Black "EL_CHICO"]
[Result "1/2-1/2"]
[WhiteElo "2289"]
[BlackElo "2105"]

1. d4 d5 2. Nf3 Nc6 3. Bf4 Bg4 4. e3 Nf6 5. Be2 e6 6. O-O Bd6 7. Nbd2 Bxf4 8.
exf4 Qd6 9. g3 h5 10. c3 O-O-O 11. Ne5 Bxe2 12. Qxe2 Rdf8 13. a4 Rh6 14. b4 Nd7
15. a5 Ne7 16. a6 b6 17. Ndf3 f6 18. Nxd7 Qxd7 19. c4 Rg8 20. c5 b5 21. Rfe1 f5
22. Ne5 Qe8 23. c6 Nxc6 24. Qxb5 Nxe5 25. Qb7+ Kd7 26. Rxe5 Qb8 27. b5 Qxb7 28.
axb7 Rb8 29. Rxa7 c6 30. b6 Kd6 31. Re1 c5 32. dxc5+ Kxc5 33. Rb1 g6 34. h4 Rh7
35. Ra8 Rhxb7 36. Rxb8 Rxb8 37. Kf1 Rxb6 38. Ra1 d4 39. Ra8 Kd5 40. Rg8 e5 41.
fxe5 Kxe5 42. Ke2 Re6 43. Kd3 f4 44. Rd8 fxg3 45. fxg3 Rf6 46. Re8+ Kf5 47. Re4
Rb6 48. Rf4+ Ke5 49. Re4+ Kf5 50. Rf4+ Ke5 51. Re4+ Kf5 1/2-1/2

[Event "AUTO-MASTER-2248"]
[Site "http://www.queenalice.com/game.php?id=1341307"]
[Date "2015.2.13"]
[Round "1"]
[White "EL_CHICO"]
[Black "Lindomar"]
[Result "0-1"]
[WhiteElo "2124"]
[BlackElo "2269"]

1. d4 d5 2. Nc3 e6 3. e4 Bb4 4. e5 c5 5. a3 Bxc3+ 6. bxc3 Qc7 7. Nf3 Nc6 8. Bb5
Ne7 9. Bg5 Bd7 10. O-O a6 11. Bxe7 Kxe7 12. Be2 c4 13. Qd2 f6 14. exf6+ gxf6 15.
Nh4 Rag8 16. f4 f5 17. Bf3 Rg7 18. Qe1 Kd8 19. g3 Qxf4 20. Kh1 Qg5 21. Rg1 Rhg8
22. Ng2 Kc7 23. Nf4 Kd6 24. a4 b6 25. Rb1 Rb8 26. a5 b5 27. Qe2 Re8 28. Rge1 Qh6
29. Kg2 Qxf4 0-1

[Event "AUTO-MASTER-2248"]
[Site "http://www.queenalice.com/game.php?id=1341316"]
[Date "2015.2.13"]
[Round "1"]
[White "EL_CHICO"]
[Black "Yran"]
[Result "1/2-1/2"]
[WhiteElo "2099"]
[BlackElo "2165"]

1. e4 c5 2. Nf3 Nc6 3. Bb5 g6 4. Bxc6 bxc6 5. O-O Bg7 6. d3 Qc7 7. c3 d5 8. Bg5
e6 9. Nbd2 Nf6 10. h3 O-O 11. Re1 Nd7 12. d4 h6 13. Bh4 Qb6 14. Qb3 cxd4 15.
Qxb6 Nxb6 16. cxd4 Ba6 17. e5 Rfc8 18. Rac1 Bf8 19. a3 c5 20. dxc5 Bxc5 21. b4
Bf8 22. Nd4 Bc4 23. f4 h5 24. Bg5 a5 25. Rb1 axb4 26. axb4 Ra2 27. N2f3 Ra4 28.
b5 Bc5 29. Kh1 Bd3 30. Rb3 Bc4 31. Rbb1 Bd3 32. Rb3 Bc4 33. Rbb1 1/2-1/2

[Event "AUTO-MASTER-2248"]
[Site "http://www.queenalice.com/game.php?id=1341317"]
[Date "2015.2.13"]
[Round "1"]
[White "Yran"]
[Black "EL_CHICO"]
[Result "1-0"]
[WhiteElo "2170"]
[BlackElo "2109"]

1. d4 d5 2. c4 dxc4 3. Nc3 Nf6 4. Nf3 Bg4 5. e3 e6 6. Bxc4 Bb4 7. Bd2 Nc6 8. Be2
O-O 9. h3 Bf5 10. a3 Bxc3 11. Bxc3 Ne4 12. O-O Bg6 13. Bd3 Qd5 14. Rc1 Rad8 15.
Be1 Nd6 16. Rc5 Qa2 17. Bc3 Bxd3 18. Qxd3 Qb3 19. Qd1 Qxd1 20. Rxd1 Rd7 21. Be1
Ne7 22. Ne5 Rdd8 23. Rxc7 Nd5 24. Rc2 f6 25. Nd3 Rc8 26. Rdc1 Rxc2 27. Rxc2 b6
28. Bb4 Nxb4 29. Nxb4 Rc8 30. Rxc8+ Nxc8 31. f3 Nd6 32. Nd3 Kf7 33. Kf2 g5 34.
a4 a5 35. b3 h5 36. Nb2 Ke7 37. Nc4 Nc8 38. e4 h4 39. Ke3 Kd7 40. f4 e5 41. fxe5
fxe5 42. Nxe5+ Ke6 43. Nc4 Kf6 44. e5+ Kf5 45. Nd6+ Nxd6 46. exd6 Ke6 47. d5+
Kxd6 48. Kd4 Ke7 49. Ke5 Kd7 50. d6 1-0